Educación y pobreza en Nicaragua: las apuestas a la esperanza /
Guardado en:
| Autor principal: | |
|---|---|
| Autores Corporativos: | , |
| Otros Autores: | |
| Formato: | Texto |
| Publicado: |
Managua:
UCA. IDEUCA
|
| Materias: | |
| Etiquetas: |
Agregar Etiqueta
Sin Etiquetas, Sea el primero en etiquetar este registro!
|
MARC
| LEADER | 00000 a a2200000 04500 | ||
|---|---|---|---|
| 001 | 26993 | ||
| 003 | |||
| 040 | |||
| 090 | |a 183200 | ||
| 100 | |a Arríen, Juan Bautista | ||
| 110 | |a Universidad Centroamericana | ||
| 245 | |a Educación y pobreza en Nicaragua: las apuestas a la esperanza / |c Universidad Centroamericana | ||
| 260 | |a Managua: |b UCA. IDEUCA | ||
| 300 | |a 166 p. | ||
| 650 | |a EDUCACION | ||
| 650 | |a DESARROLLO DE LA EDUCACION | ||
| 650 | |a POLITICA SOCIAL | ||
| 650 | |a PLANES NACIONALES | ||
| 650 | |a POLITICA EDUCATIVA | ||
| 650 | |a PARTICIPACION SOCIAL | ||
| 650 | |a CALIDAD DE LA EDUCACION | ||
| 650 | |a DERECHO A LA EDUCACION | ||
| 650 | |a PROBLEMAS SOCIALES | ||
| 650 | |a DESIGUALDAD SOCIAL | ||
| 650 | |a POBREZA | ||
| 650 | |a REFORMAS DE LA EDUCACION | ||
| 650 | |a POBREZA | ||
| 650 | |a INDICADORES DE DESARROLLO | ||
| 650 | |a INDICADORES EDUCATIVOS | ||
| 650 | |a CALIDAD DE LA EDUCACION | ||
| 700 | |a Castilla Urbina, Miguel de | ||
| 710 | |a Instituto de educación de la UCA (IDEUCA) | ||
| 999 | |c 1796 |d 1796 | ||
